Nature and landscapes : Creating a sense of place
| Format: | Book |
|---|---|
| Published: |
London :
Cassell ,
1993
|
| Series: | Cassell camera wise guides
|
| Subjects: |
MARC
| LEADER | 00000cam a2200000 7i4500 | ||
|---|---|---|---|
| 001 | 0000006311 | ||
| 002 | 000006815 | ||
| 005 | 20000330.0 | ||
| 020 | |a 0304343528 | ||
| 090 | 0 | 0 | |a 779.36 |b NAT |
| 245 | 0 | 0 | |a Nature and landscapes : |b Creating a sense of place |
| 260 | |a London : |b Cassell , |c 1993 | ||
| 300 | |a 96p. ; |c 29cm. | ||
| 490 | 0 | |a Cassell camera wise guides | |
| 650 | 0 | 0 | |a Lands capes photography |
| 999 | |a 037922 |b BUKU |c PINJAMAN |e PERPUSTAKAAN KOMUNITI PETALING JAYA | ||